000 00386nam a22001457u 4500
008 130405s1973 xxu||||| |||| 00| 0 spa d
041 _aspa
100 1 _aRijk, Cornelius
_929479
245 0 0 _aHacia una teologĂ­a cristiana del judaismo
_cCornelius Rijk
260 _aMadrid:
_bStudium,
_c1973
300 _a73 p.
_c;18 cm.
650 0 4 _aEcumenismo
_913364
942 _cBK
001 35129
999 _c255381
_d255381